000 00537ntaaa2200193 4500
003 01
005 20251027202329.0
008 0714s1973 ag 01
040 _aAR-BaBN
_bspa
_cAR-BaBN
_eaacr
_dRIC
082 _a291.1400 An4
100 _aAngus, Samuel
_921916
245 _aMystery-religions and christianity
250 _a1 ed.
260 _aNew York :
_bUniversity Books,
_cc1966
300 _axxiv, 359 p
500 _aUn estudio sobre las religiones cristianas primitivas
650 _areligiones comparadas
_93333
942 _cBK
999 _c18153
_d18153